000 00461nam a2200157 i 4500
001 130022
003 ES-MaACL
005 20230906193627.0
007 t|
008 070716s1940 sp ||||1| spa d
100 1 _aZunzunegui, Juan Antonio de.
_9118511
245 1 3 _aEl chiplichandle
_b: acción picaresca /
_cJuan Antonio Zunzunegui.
260 _a[Madrid :
_bStudios, S. L.,
_c1940]
300 _a378 p. ;
_c22 cm.
852 _aES-MaACL
_jF-15257
_bR.18938
999 _c130022
_d130022